European flags with three colours - Sudden Death - Statistics

General Stats
  • This quiz has been taken 194 times
  • The average score is 9 of 19
Answers on the Grid
Answers color-coded by a green-red scale on the quiz's grid according to % correct below.
United Kingdom
Germany
Sweden
Ukraine
Liechtenstein
Norway
Serbia
Iceland
France
Russia
Luxembourg
San Marino
Albania
Netherlands
Monaco
Italy
Hungary
Andorra
Montenegro
Finland
Ireland
Portugal
Bulgaria
Belgium
Greece
Lithuania
North Macedonia
Latvia
Romania
Estonia
Czech Republic
Belarus
Switzerland
Moldova
Slovakia
 
Answer Stats
Answer % Correct
Germany
96%
United Kingdom
87%
France
56%
Italy
55%
Russia
55%
Ireland
52%
Norway
52%
Netherlands
47%
Luxembourg
44%
Belgium
41%
Hungary
38%
Iceland
38%
Romania
38%
Bulgaria
35%
Czech Republic
35%
Estonia
35%
Lithuania
34%
Slovakia
18%
Belarus
17%
No matching quizzes found
Score Distribution
Percent of People with Each Score
Percentile by Number Answered
Your Score History
You have not taken this quiz